[Event "Macaubal Tsiloufas Memorial"]
[Site "Macaubal"]
[Date "2024.07.13"]
[Round "2"]
[White "Miranda, Guilherme Mateus Te"]
[Black "De Almeida, Douglas L Garcia S"]
[Result "0-1"]
[WhiteElo "1800"]
[BlackElo "1816"]
[PlyCount "54"]
[EventDate "2024.07.13"]
[EventType "swiss"]
[EventRounds "5"]
[EventCountry "BRA"]
[SourceTitle "CBM 221 Extra"]
[Source "ChessBase"]
[SourceDate "2024.09.30"]
[SourceVersion "1"]
[SourceVersionDate "2024.09.30"]
[SourceQuality "1"]

1. e4 e6 2. Nf3 d5 3. e5 c5 4. d4 Nc6 5. c3 Qb6 6. Bd3 Bd7 7. 0-0 cxd4 8. cxd4 Nxd4 9. Nxd4 Qxd4 10. Re1 Bb4 11. Re2 Qb6 12. Be3 Bc5 13. Qd2 Bxe3 14. Rxe3 Ne7 15. a4 Ng6 16. a5 Qc7 17. Bxg6 hxg6 18. Raa3 Bc6 19. Rh3 Rxh3 20. Rxh3 0-0-0 21. b4 Qxe5 22. Rc3 Kb8 23. Re3 Qf5 24. Na3 d4 25. b5 Qd5 26. Rg3 Bxb5 27. Rg5 e5 0-1